Pääkaupungit kirjaimittain - N - Statistics

Yleistilastot
  • Tätä visaa on pelattu 1 212 kertaa
  • Keskiarvotulos 6 / 10
Vastaustilastot
Valtio Pääkaupunki % Oikein
Kenia Nairobi
87%
Bahama Nassau
76%
Intia New Delhi
62%
Niger Niamey
62%
Tšad N'Djamena
58%
Kypros Nikosia
58%
Tonga Nuku'alofa
58%
Myanmar Naypyidaw
54%
Mauritania Nouakchott
50%
Palau Ngerulmud
48%
Ehtoja vastaavia visoja ei löytynyt
Tulosjakauma
Jokaisen tuloksen saaneiden osuus
Persentiili vastausten määrän mukaan
Tuloshistoriasi
Et ole pelannut tätä visaa